000 00379nam a2200157Ia 4500
008 230917s9999||||xx |||||||||||||| ||und||
040 _e178968
_aMAIN
041 _aEnglish
082 _a658.8 C855S(8)
100 _aCravens, David W
245 0 _aStrategic marketing
250 _a8th ed.
260 _aNew Delhi
_bTata McGraw-Hill
_c2009
300 _a726 p.
942 _cBK
999 _c164034
_d164034